Happiness is a state of mind : (Record no. 4847)

MARC details
000 -LEADER
fixed length control field 00552nam a2200157 4500
001 - CONTROL NUMBER
control field 5736
003 - CONTROL NUMBER IDENTIFIER
control field Uk
020 ## - INTERNATIONAL STANDARD BOOK NUMBER
International Standard Book Number 9781444784763
Qualifying information
100 0# - MAIN ENTRY--PERSONAL NAME
Personal name Gyalwang Drukpa
Numeration XII,
Dates associated with a name 1963-
Relator term author.
245 10 - TITLE STATEMENT
Title Happiness is a state of mind :
Remainder of title how to create space for happiness in your life /
Statement of responsibility, etc. His Holiness Gyalwang Drukpa with Kate Adams.
264 #1 - PRODUCTION, PUBLICATION, DISTRIBUTION, MANUFACTURE, AND COPYRIGHT NOTICE
Place of production, publication, distribution, manufacture London :
Name of producer, publisher, distributor, manufacturer Yellow Kite,
Date of production, publication, distribution, manufacture, or copyright notice 2014.
336 ## - CONTENT TYPE
Content type term text
Source rdacontent.
650 #0 - SUBJECT ADDED ENTRY--TOPICAL TERM
Topical term or geographic name entry element Happiness
General subdivision Religious aspects
-- Buddhism.
Topical term or geographic name entry element Meditation
General subdivision Buddhism.
700 1# - ADDED ENTRY--PERSONAL NAME
Personal name Adams, Kate
Titles and other words associated with a name (Health publisher),
Relator term contributor.
Holdings
Withdrawn status Lost status Source of classification or shelving scheme Damaged status Not for loan Collection code Home library Current library Shelving location Date acquired Serial Enumeration / chronology Inventory number Total Checkouts Total Renewals Full call number Barcode Date last seen Date last checked out Price effective from Koha item type Copy number
    Dewey Decimal Classification     Main TEST RTC Library RTC Library Main opac 27/11/2018 9125 11 9 241.3 DRU 30009169 21/08/2025 12/06/2024 27/11/2018 Main  
    Dewey Decimal Classification     Main TEST RTC Library RTC Library Main opac 27/11/2018 9526 9 5 241.3 DRU 30008481 13/06/2024 29/05/2024 27/11/2018 Main 2
Royal Thimphu College || All Right Reserved